|
|
|
|
| LEADER |
00769cam a2200217 7i4500 |
| 001 |
0000024660 |
| 005 |
20170726090000.0 |
| 008 |
081021 eng |
| 020 |
|
|
|a 9780748627585 (hbk.)
|
| 040 |
|
|
|a OhCoOLI
|
| 050 |
0 |
0 |
|a P121 BAU 2007
|
| 090 |
0 |
0 |
|a P121
|b .B35 2007
|
| 100 |
1 |
|
|a Bauer, Laurie
|
| 245 |
1 |
4 |
|a The linguistics student's handbook
|c Laurie Bauer.
|
| 260 |
|
|
|a Edinburgh:
|b Edinburgh University Press,
|c 20073.
|
| 300 |
|
|
|a viii, 387 p.;
|c 25 cm.
|
| 504 |
|
|
|a Includes bibliographical references and index
|
| 650 |
0 |
0 |
|a Linguistics
|
| 997 |
|
|
|a Education & Social Sciences, Faculty
|b Education, Department
|
| 999 |
|
|
|a 0000032116
|b BOK
|c REFERENCE
|e Ground Floor, Bestari Jaya
|
| 999 |
|
|
|a 0000032117
|b BOK
|c REFERENCE
|e Ground Floor, Bestari Jaya
|